Tous les cantons de Loire-Atlantique (44) - Statistiques

Statistiques générales
  • Ce quiz a été pris 87 fois
  • Le résultat moyen est 22 sur 31
Réponses sur la Carte
Les réponses sont colorées sur une échelle allant du rouge au vert en fonction du pourcentage des utilisateurs qui les ont devinées à leur premier essai. Vous pouvez retrouver ces pourcentages ci-dessous.
 
Statistiques - réponses
Canton % Correct
Nantes-1
98%
Nantes-2
98%
Nantes-3
98%
Nantes-4
98%
Nantes-5
98%
Nantes-6
98%
Nantes-7
98%
Saint-Nazaire-1
93%
Saint-Nazaire-2
93%
Pornic
86%
La Baule-Escoublac
82%
Rezé-1
80%
Rezé-2
80%
Saint-Herblain-1
79%
Saint-Herblain-2
79%
Ancenis-Saint-Géréon
73%
Châteaubriant
70%
Guérande
68%
Saint-Brevin-les-Pins
64%
Carquefou
63%
La Chapelle-sur-Erdre
57%
Saint-Sébastien-sur-Loire
55%
Vertou
55%
Clisson
54%
Pontchâteau
54%
Machecoul-Saint-Même
48%
Nort-sur-Erdre
48%
Guémené-Penfao
46%
Blain
45%
Saint-Philbert-de-Grand-Lieu
45%
Vallet
43%
Aucun quiz correspondant
Distribution des résultats
% des personnes avec chaque résultat
Percentile par nombre de réponses
Votre historique - résultats
Vous n’avez pas pris ce quiz